00883nam a22003137a 450000500170000000800410001702000180005804100080007608200190008410000300010310000290013324500670016225000160022926000130024526000140025826000090027230000170028149000470029865000270034565000270037265000130039965000240041265000280043665000250046465000260048965000190051565000140053465000210054820250819195926.0210203b2016 xxu||||| |||| 00| 0 spa d a9786076226199 aESP a346.074 P522c3 aPeña Andrés, Cristina aDe Andrés Leal, Amelia aCrédito documentario: guía para el éxito en su gestión a3 edición aMéxico bAlfaomega c2016 a98 páginas aDirección y Administración de Empresa  aCRÉDITO DOCUMENTARIO aGESTIÓN DOCUMENTARIA aBORRADOR aEMPRESA TRANSITARIA aCOMPAÑÍA DE SEGUROS aCÁMARA DE COMERCIO aCERTIFICADO DE ORIGEN aLEGALIZACIONES aEMBAJADAS aLETRAS DE CAMBIO